Katholieke university Leuven : International study programmes
The Katholieke Universiteit Leuven was founded in 1425. Inspired by the European Christian tradition, K.U. Leuven embraces the values of independent inquiry and pursues a policy of non-discrimination.
Bewaard in:
| Formaat: | Boek |
|---|---|
| Taal: | Undetermined |
| Gepubliceerd in: |
Belgium
Katholieke university Leuven
2001
|
| Onderwerpen: | |
| Tags: |
Voeg label toe
Geen labels, Wees de eerste die dit record labelt!
|
| Thư viện lưu trữ: | Trung tâm Học liệu Trường Đại học Cần Thơ |
|---|
| LEADER | 00726nam a2200181Ia 4500 | ||
|---|---|---|---|
| 001 | CTU_158370 | ||
| 008 | 210402s9999 xx 000 0 und d | ||
| 082 | |a 378.1 | ||
| 082 | |b K19 | ||
| 245 | 0 | |a Katholieke university Leuven : | |
| 245 | 0 | |b International study programmes | |
| 260 | |a Belgium | ||
| 260 | |b Katholieke university Leuven | ||
| 260 | |c 2001 | ||
| 520 | |a The Katholieke Universiteit Leuven was founded in 1425. Inspired by the European Christian tradition, K.U. Leuven embraces the values of independent inquiry and pursues a policy of non-discrimination. | ||
| 650 | |a Universities and colleges,Education,Giáo dục | ||
| 904 | |i Trọng Hiếu | ||
| 980 | |a Trung tâm Học liệu Trường Đại học Cần Thơ | ||